• 首页
  • 本馆介绍
  • 公告通知
  • 最新文献
  • 馆藏检索
  • 电子资源
  • 读者导购
  • 参考咨询
  • 我的图书馆
  • 登录
  • 详细信息显示
  • 放入我的书架
  • 预约/预借图书
  • 作者相关作品
  • 分类相关作品
  • 丛书相关作品
  • 出版社相关作品

书目信息

  • 表格格式
  • 工作单格式
  • 卡片格式
题名:
Windows NT-因特网与内网开发
    
 
作者: 赫蒂黑瓦 , Hettihewa 著 ;京京翻译组 译
分册:  
出版信息: 北京   机械工业出版社  1998
页数: 312页
开本: 26cm
丛书名: Windows NT 4与Web站点资源书库
单 册:
中图分类: TP393.1 , TP316
科图分类:
主题词: 窗口软件--网络服务器 , 网络服务器--窗口软件
电子资源:
ISBN: 7-111-06310-4
000 01078oam2 2200313 450
001 0199012018
005 20100712203218.0
010    @a7-111-06310-4@dCNY35.00
011    @a7-111-06310-4
100    @a20030124d1998 em y0chiy0110 ea
101 1  @achi@ceng
102    @aCN@b110000@aUS
105    @ay z 000yy
106    @ar
200 1  @aWindows NT-因特网与内网开发@9W i n d o w s N T - Yin Te Wang Yu Nei Wang Kai Fa @f(美)(S.赫蒂黑瓦)SanjayaHettihewa著@g京京翻译组译
210    @a北京@c机械工业出版社@a[纽约]@c西蒙与舒斯特国际出版公司@d1998
215    @a312页@d26cm
225 2  @aWindows NT 4与Web站点资源书库@v3
461  0 @12001 @aWindows NT 4与Web站点资源书库
510 1  @aWindows NT Internet and Intranet development@zeng
606 0  @a窗口软件@x网络服务器
606 0  @a网络服务器@x窗口软件
690    @aTP393.1@v4
690    @aTP316@v4
701  1 @a赫蒂黑瓦@9he di hei wa@bS.@4著
701  1 @aHettihewa@bSanjaya@4著
712 02 @a京京翻译组@9jing jing fan yi zu@4译
801  0 @aCN@b91MARC@c20130904
905    @aBZT@dTP393.1@e100@f1@sTP393.1/100
    
    Windows NT-因特网与内网开发/(美)(S.赫蒂黑瓦)SanjayaHettihewa著/京京翻译组译.-北京:机械工业出版社;[纽约]:西蒙与舒斯特国际出版公司,1998
    312页;26cm.-(Windows NT 4与Web站点资源书库;3)
    
    
    ISBN 7-111-06310-4:CNY35.00
    
●
相关链接 在五车中查询图书 在当当中查询图书 在豆瓣中查询图书


正题名:Windows NT-因特网与内网开发     索取号:TP393.1/100         预约/预借

序号 登录号 条形码 馆藏地/架位号 状态 备注
1 2000043063   2000043063   旧书回溯/ [索取号:TP393.1/100] 在馆    
山东省滨州职业学院图书馆 欢迎您!
大连网信软件有限公司© 版权所有